000 00286nam a22001337a 4500
003 SGT
020 _a9798371337818
082 _a650
_bSHA
100 _aSHARMA, MONIKA
245 _aFROM INTROVERT TO INFLUENCER
260 _aNY
_bINDEPENDENTLY
_c2022
300 _a54
942 _2ddc
_cBK
999 _c24558
_d24558